00602nam a2200205Ia 4500003000900000008004100009040001300050040001300063041000800076100001800084100000800102245002600110250002200136260002300158260000900181300001100190300001000201490000700211600017800218IT-RoPAU120407s9999 xx 000 0 und d aIT-RoPAU cIT-RoPAU aita aLuigi Verzé cdon aIl Carisma del Denaro aCinisello Balsamo aSan Paolo Edizioni c1996 a164 p. c22 cm v11 a"“Qual’è il fondamento organizzativo dell’Opera S. Raffaele”. Una proposta di imprenditoria a servizio dell’amore. a cura di Domenico Agasso. Rilegato+ sovrac."